1933 1917 1657 1845 1104 1778 1927 1525 1540 1683 1277 1574 1455 1071 1415 1339 1774 1713 1441 1227 1319 1734 1782 1523 1228 1620 1881 1426 1383 1358 1953 1145 1955 1158 1416 1941 1391 1982 1933 1493 1710 1665 1307 1926 1590 1490 1983 1269 1494 1331 1812 1645 1946 1375 1130 1038 1981 1431 1795 1980 1642 1926 1105 1560 1622 1509 1163 1636 1781 1987 1879 1752 1728 1148 1540 1906 1597 1805 1026 1301 1256 1081 1964 1528 1729 1656 1540 1467 1590 1790 1743 1311 1528 1041 1481 1202 1152 1156 1002 BCNSPRNW ULIB Ver.6.0+V

เปลี่ยนเป็นภาษาไทย

Change to English
 แสดงรายละเอียดบรรณานุกรม
  กลับหน้าหลัก

Brief Record : Get Marc (ISO 2709) : E-mail record : QR code < ปิดหน้าต่าง
LEADER : 00000nam 2200000uu 4500
001    13399111141
003     ULIB
008    110616s2010||||th 000 0 eng d
020    9780781781534 (pbk.)
060 04 WY20.5^bP769eg 2010
100 1  Polit, Denise F.
245 10 Essentials of nursing research :^bappraising evidence fornursing practice /^cDenise F. Polit, Cheryl Tatano Beck
250    7th ed.
260    Philadelphia :^bWolters Kluwer Health/Lippincott Williams& Wilkins,^c2010
300    xiv, 610 p. :^bcol. ill. ;^c24 cm. +^e1 CD-ROM (4 3/4 in.)
504    Includes bibliographical references and index
505 0  Introduction to nursing research in an evidence-basedpractice environment -- Evidence-based nursing practice : fundamentals -- Key concepts and steps in qualitative and quantitative research -- Reading and critiquing research reports -- Ethics in research -- Research problems, research questions, and hypotheses -- Literature reviews :finding and reviewing research evidence -- Theoretical andconceptual frameworks -- Quantitative research designs --
505 0  Qualitative designs and approaches -- Specific types ofresearch -- Sampling plans -- Data collection methods -- Measurement and data quality -- Statistical analysis of quantitative data -- Rigor and interpretation in quantitative research -- Analysis of qualitative data -- Trustworthiness and integrity in qualitative research -- Systematic reviews : meta-analysis and metasynthesis.
650  0 Nursing^xResearch
650  2 Nursing Research
700 1  Beck, Cheryl Tatano
945    ^p2740^l0^i030164
995    Kesron
999 ^a ใช้งานได้ทุกระบบ
รายการนี้ยังไม่มีแท็ก
คุณยังไม่ได้ล็อกอิน คุณสามารถมีกิจกรรมร่วมกับเว็บไซต์ได้ แต่ต้องล็อกอินก่อน ::
  ล็อกอิน

รายการสื่อสารสนเทศ

ลำดับที่ ประเภท เลขเรียก/บาร์โค้ด สถานที่ สถานะ
- ไม่พบข้อมูล -

รายการใกล้เคียง
    ผู้แต่ง [Polit, Denise F.]

    หัวเรื่อง [Nursing Research]
    หัวเรื่อง [Nursing Research]

BibComment


ยังไม่เคยถูกคอมเมนท์

คอมเมนท์ทรัพยากรรายการนี้
  คอมเมนท์: Essentials of nur..


 Copyright 2026. Bcnsprnw @Library